Pioneer of tropical landscape architecture : (Record no. 18580)

000 -LEADER
fixed length control field 01094cam a2200181 a 4500
020 ## - INTERNATIONAL STANDARD BOOK NUMBER
ISBN 0813015162 (cloth : acidfree paper)
040 ## - CATALOGING SOURCE
Transcribing agency DLC
082 00 - DEWEY DECIMAL CLASSIFICATION NUMBER
Classification number 712 UPF 1997 C148 Or.
-- B
100 1# - MAIN ENTRY--AUTHOR NAME
Personal name Jackson, Faith Reyher,
245 10 - TITLE STATEMENT
Title Pioneer of tropical landscape architecture :
Remainder of title William Lyman Phillips in Florida /
246 30 - VARYING FORM OF TITLE
Title proper/short title Tropical landscape architecture.
260 ## - PUBLICATION, DISTRIBUTION, ETC. (IMPRINT)
Place of publication Gainesville :
Name of publisher University Press of Florida,
Year of publication c1997.
300 ## - PHYSICAL DESCRIPTION
Number of Pages xxi, 274 p. :
Other physical details ill., plans, ports. ;
Dimensions 23 cm.
520 ## - SUMMARY, ETC.
Summary, etc "William Lyman Phillips (1885-1966) played a seminal role in the landscaping of Florida and in the history of landscape architecture, designing the world famous Fairchild Tropical Garden in Miami (begun in 1938) as well as hundreds of other sites, four of them on the National Register. This biography, brings to life the story of the quiet, self-effacing man whose love of Florida's tropical and subtropical botany has had such a profound influence on the way Florida looks today."--BOOK JACKET.
650 #0 - SUBJECT ADDED ENTRY--TOPICAL TERM
Topical Term Landscape architects
650 #0 - SUBJECT ADDED ENTRY--TOPICAL TERM
Topical Term Landscape architecture
942 ## - ADDED ENTRY ELEMENTS (KOHA)
Koha item type ADB
952 ## - LOCATION AND ITEM INFORMATION (KOHA)
Withdrawn status [LOCAL, KOHA] 0
Holdings
Source of acquisition Permanent Location Date acquired Koha item type Lost status Shelving location Current Location Full call number
A36409Library Block C2019-12-24សៀវភៅភាសាអង់គ្លេស C148Library Block C712 UPF 1997 C148 Or.
មជ្ឈមណ្ឌលឯការនៃសាកលវិទ្យាល័យភូមិន្ទកសិកម្មចំការដូង

Powered by Koha